LEADER 00839nam a2200205 i 4500 001 000000227575 003 CaOOAMICUS 005 20140303000000.0 008 140303s1842 it u000 u eng u 013 $a206477 040 $aSeMil$bita 245 10$afor the spring quarter :$bbeing the weeks between the first Sunday in Lent and Trinity Sunday. 300 $axi, 403 p. 500 $aFondo Bidoglio. 773 0 $aNewman, John Henry $tParochial sermons.$dLondon : J. G. & F. Rivington, 1835-1842.$g6$w()29519 850 $aSeMil 852 $aSeMil$W1$xVenegono$y1$m2C VII 6 FA$j177921$B177921$CSeMilBibl$Z2$F188799 $8I 941 1 $a2 961 $aLascito: Bidoglio don Maurizio 996 $6245$afor the spring quarter :$bbeing the weeks between the first Sunday in Lent and Trinity Sunday$9(OLS)http://semarc/title/325688 LEADER 01049nam a2200253 i 4500 001 000000190931 003 CaOOAMICUS 005 20151026000000.0 008 151026n it u000 u ita u 013 $a169405 040 $aSeMil$bita 100 1 $aGarrone, Gabriel Marie,$c.$0(OLS)http://semarc/name/20639 240 13$aLe Credo lu dans l'Histoire.$0(OLS)http://semarc/title/275113 245 10$aLeggere Il Credo nella storia /$cGabriele M. Garrone. 260 $aLeumann (TO) :$bElle Di Ci,$c[1975?] 300 $a247 p. ;$c20 cm. 490 0 $aLa fede e la vita ;$v3 650 4$aCredo cattolico.$0(OLS)http://semarc/subject/3362 830 3$aLa fede e la vita ;$v3.$0(OLS)http://semarc/title/6663 850 $aSeMil 852 $aSeMil$W1$xVenegono$y1$m3H V 326$j141545$B141545$CSeMilBibl$Z2$F153105 $81 961 $aOmaggio: Martinelli don Romano 996 $6245$aLeggere Il Credo nella storia$9(OLS)http://semarc/title/275112 996 $6260$aLeumann (TO) :$bElle Di Ci$9(OLS)http://semarc/publisher/29654